| 000 | nam a22 a 4500 | ||
|---|---|---|---|
| 999 |
_c4437 _d4437 |
||
| 005 | 20170530095335.0 | ||
| 008 | 170530b1996 my ||||| |||| 00| 0 eng d | ||
| 040 | _aAKMAL | ||
| 082 | _a658.4509595 ROS | ||
| 090 |
_a658.4509595 _bROS |
||
| 100 |
_aRosinah Ali _98613 |
||
| 245 |
_aRelationship Between Supervisory Communication and Subordinate Satisfaction / _cRosinah Ali |
||
| 260 |
_aMalaysia _c1996 |
||
| 300 |
_a92 ms. _ccm |
||
| 942 |
_2ddc _cBOOK |
||